Normal view
MARC view
- نمر،حلمي محمود / م.مشارك: عبدالمنعم محمود
Entry Personal Name
001 - CONTROL NUMBER
- control field: 6961
003 - CONTROL NUMBER IDENTIFIER
- control field: JO-AjAnu
005 - DATE AND TIME OF LATEST TRANSACTION
- control field: 20230606071428.0
008 - FIXED-LENGTH DATA ELEMENTS
- fixed length control field: 230606|| aca||aabn | a|a d
040 ## - CATALOGING SOURCE
- Original cataloging agency: JO-AjAnu
- Transcribing agency: JO-AjAnu
100 ## - HEADING--PERSONAL NAME
- Personal name: نمر،حلمي محمود / م.مشارك: عبدالمنعم محمود
670 ## - SOURCE DATA FOUND
- Source citation: Work cat.: (JO-AjAnu)3606: نمر،حلمي محمود / م.مشارك: عبدالمنعم محمود, author, الأصول العلمية والعملية في محاسبة الشركات: شركات الاشخاص، ج1